000
00455nam a2200169Ia 4500
008
090711s9999 xx 000 0 und d
082
_b
45359
100
_a
Sाव्हाण बियन
245
_a
मरणगाथा
260
_c
1982
300
_a
180
600
_a
Sाव्हाण बियन
630
_a
मरणगाथा
700
_a
Sाव्हाण बियन
730
_a
मरणगाथा
942
_c
BOOK
999
_c
297775
_d
297775